Paryavarn sambandhi chetana aur nagar niyojan (Record no. 1389360)

MARC details
000 -LEADER
fixed length control field 00541nam a2200193Ia 4500
005 - DATE AND TIME OF LATEST TRANSACTION
control field 20250508164501.0
008 - FIXED-LENGTH DATA ELEMENTS--GENERAL INFORMATION
fixed length control field 008 250505s9999 xx 000 0 hin d
037 ## - SOURCE OF ACQUISITION
Stock number Textual
040 ## - CATALOGING SOURCE
Original cataloging agency FEDL
Language of cataloging eng
Transcribing agency FEDL
041 ## - LANGUAGE CODE
Language code of text/sound track or separate title hin
Source of code hin
084 ## - COLON CLASSIFICATION NUMBER
Classification number 307.3416, BUC
Assigning agency FEDL
100 ## - MAIN ENTRY--PERSONAL NAME
Personal name Buch M N
9 (RLIN) 778267
245 #0 - TITLE STATEMENT
Title Paryavarn sambandhi chetana aur nagar niyojan
260 ## - PUBLICATION, DISTRIBUTION, ETC.
Place of publication, distribution, etc. AP, India
Name of publisher, distributor, etc. Oriental Longmans
Date of publication, distribution, etc. 1994
300 ## - PHYSICAL DESCRIPTION
Extent viii,86p.
365 ## - TRADE PRICE
Price type code INR
Price amount 35
942 ## - ADDED ENTRY ELEMENTS (KOHA)
Koha item type Textual
Classification part 307.3416, BUC
Holdings
Withdrawn status Lost status Damaged status Not for loan Home library Current library Date acquired Cost, normal purchase price Total Checkouts Full call number Barcode Date last seen Price effective from Koha item type
        Department of Education Library Department of Education Library 2025-05-08 35.00   307.3416, BUC EL0082985 2025-05-08 2025-05-08 Textual
Copyright @ Delhi University Library System